Saʻd Zaghlūl : dawrihi fī al-siyāsah al-Miṣrīyah ḥattá sanat 1914 /

محفوظ في:

المؤلف الرئيسي: Lāshīn, ʻAbd al-Khāliq Muḥammad.

مؤلفون آخرون: Muṣṭafá, Aḥmad ʻAbd al-Raḥīm.

التنسيق: كتاب

اللغة: Arabic

منشور في: al-Qāhirah : Dār al-Maʻārif, [1971].

سلاسل: Maktabat al-tārīkh al-ʻArabī al-ḥadīth.

الموضوعات:

الوسوم: إضافة وسم

لا توجد وسوم, كن أول من يضع وسما على هذه التسجيلة!

رقم الطلب: DT107.2 .Z2 L37 v.1

LEADER 01206cam a22003011 4500
001 8510054
003 OSt
005 20230625081653.0
008 840321s1971 ua h 000 0bara
952 |0 0  |1 0  |2 lcc  |3 V.1  |4 0  |6 DT01072 Z2 L37 V.00001  |7 1  |9 49105  |a ARCE  |b ARCE  |d 2023-06-25  |l 0  |o DT107.2 .Z2 L37 v.1  |p 1028873  |r 2023-06-25 00:00:00  |w 2023-06-25  |y BK 
999 |c 54289  |d 54289 
010 |a  71963257  
035 |a (OCoLC)23495963 
040 |c ARCE Library 
042 |a premarc 
050 4 |a DT107.2 .Z2 L37 v.1 
100 1 |a Lāshīn, ʻAbd al-Khāliq Muḥammad. 
245 1 0 |a Saʻd Zaghlūl :   |b dawrihi fī al-siyāsah al-Miṣrīyah ḥattá sanat 1914 /   |c ta'līf ʻAbd al-Khāliq Muḥammad Lāshīn ; taqdīm Aḥmad ʻAbd al-Raḥīm Muṣṭafá. 
260 |a al-Qāhirah :   |b Dār al-Maʻārif,   |c [1971]. 
300 |a v. <1> :   |b facsims. ;   |c 24 cm. 
490 0 |a Maktabat al-tārīkh al-ʻArabī al-ḥadīth. 
504 |a Includes bibliographies. 
600 1 0 |a Zaghlūl, Saʻd,  |d 1857-1927. 
650 0 |a Statesmen   |z Egypt   |v Biography. 
651 0 |a Egypt   |x Politics and government   |y 1882-1952. 
700 1 |a Muṣṭafá, Aḥmad ʻAbd al-Raḥīm. 
901 |a reviewed 
942 |2 lcc  |c BK